images (140×140)   Dow University of Health Sciences Library Catalogue

Welcome to Dow University of Health Sciences Library Online Public Access Catalog

Te -Linde's Operative Gynecology. (Record no. 8178)

MARC details
000 -LEADER
fixed length control field 00411nam a2200157Ia 4500
008 - FIXED-LENGTH DATA ELEMENTS--GENERAL INFORMATION
fixed length control field 241014s9999||||xx |||||||||||||| ||und||
020 ## - INTERNATIONAL STANDARD BOOK NUMBER
International Standard Book Number 978-8184730616
060 ## - NATIONAL LIBRARY OF MEDICINE CALL NUMBER
Classification number WP 660 R 2008
100 ## - MAIN ENTRY--PERSONAL NAME
Personal name John A. Rock, Howard W. Jones
245 #0 - TITLE STATEMENT
Title Te -Linde's Operative Gynecology.
250 ## - EDITION STATEMENT
Edition statement 10th
260 ## - PUBLICATION, DISTRIBUTION, ETC.
Name of publisher, distributor, etc. Lippincott Williams and Wilkins
Date of publication, distribution, etc. 2008
300 ## - PHYSICAL DESCRIPTION
Extent 1449
650 ## - SUBJECT ADDED ENTRY--TOPICAL TERM
Topical term or geographic name entry element Gynecology
942 ## - ADDED ENTRY ELEMENTS (KOHA)
-- DIMC
Koha item type Books

No items available.




©2026, All rights reserved. Dow University of Health Sciences, Karachi, Pakistan.